Tarjetas de crédito: responsabilidad de los bancos
সংরক্ষণ করুন:
| প্রধান লেখক: | |
|---|---|
| বিন্যাস: | গ্রন্থ |
| ভাষা: | স্প্যানিশ |
| প্রকাশিত: |
Santiago
Ediciones Der
2018
|
| সংস্করন: | 1a. ed |
| মালা: | Ensayos Jurídicos
|
| বিষয়গুলি: | |
| ট্যাগগুলো: |
ট্যাগ যুক্ত করুন
কোনো ট্যাগ নেই, প্রথমজন হিসাবে ট্যাগ করুন!
|
MARC
| LEADER | 00000cam a2200000 a 4500 | ||
|---|---|---|---|
| 001 | UCC2595 | ||
| 003 | CL-VaPUC | ||
| 008 | 180309e20180100cl |||||||||||||||||spa|d | ||
| 020 | |a 9789569959103 | ||
| 082 | 0 | 4 | |a 346.096 |b ARA |2 21 |
| 100 | 0 | |a Arancibia Obrador, María José |e author |9 596659 | |
| 245 | 1 | 0 | |a Tarjetas de crédito: responsabilidad de los bancos |
| 250 | |a 1a. ed | ||
| 300 | |a 209 p | ||
| 942 | |c BK | ||
| 945 | |d 20180309 22:06:00 |a arojas | ||
| 260 | |a Santiago |b Ediciones Der |c 2018 | ||
| 650 | 0 | |a Tarjetas de crédito |9 256569 | |
| 650 | 7 | |a LEGISLACION BANCARIA |2 CL-VaPUC |9 403351 | |
| 650 | 0 | |a Derecho civil |9 255013 | |
| 583 | |a last modification |c 20180309 22:06:00 |k Rodrigo Vera | ||
| 490 | 0 | |a Ensayos Jurídicos | |
| 999 | |c 370657 |d 370655 | ||
| 952 | |0 0 |1 0 |3 erb |4 0 |6 346_096000000000000_ARA_2018 |7 0 |8 A |9 487230 |a BIBDER |b BIBDER |i 5453666 |l 5 |o 346.096 ARA 2018 |p 5453666 |r 2024-11-29 |s 2024-11-22 |w 2019-11-24 |y BK |z Catalogado en:20180309 |k DER | ||